| 000 | 00740nam a2200193 a 4500 | ||
|---|---|---|---|
| 003 | 0 | ||
| 005 | 20250407112255.0 | ||
| 008 | 071126s19uu xx 00 eng d | ||
| 050 |
_aPHS GV 1201 _b.M37 2007 |
||
| 100 | _aMarcaida, Enrique Angelico A. | ||
| 245 |
_aExposure to video games and social skills of upper school students / _cEnrique Angelico A. Marcaida. |
||
| 260 |
_aLas PiƱas City, Philippines : _bSouthville International School and Colleges, _c2007. |
||
| 300 |
_a20 pages ; _c28 cm. |
||
| 504 | _aIncludes bibliographical references. | ||
| 650 |
_2Library of Congress Subject Headings _aSocial skills. |
||
| 650 |
_2Library of Congress Subject Headings _aVideo games and children. |
||
| 942 |
_2lcc _cPASS |
||
| 999 |
_c97858 _d97858 |
||